NPB 日本プロ野球 歴代守備位置別最高打率 - Statistics

General Stats
  • This quiz has been taken 421 times
  • The average score is 3 of 8
Answer Stats
守備位置 選手 打率 % Correct
一塁手 バース .389
87%
外野手 イチロー .387
75%
捕手 阿部慎之助 .340
64%
三塁手 落合博満 .367
31%
外野手 張本勲 .3834
25%
遊撃手 西岡剛 .346
16%
外野手 大下弘 .3831
11%
二塁手 ブルーム .374
8%
No matching quizzes found
Score Distribution
Percent of People with Each Score
Percentile by Number Answered
Your Score History
You have not taken this quiz